<?xml version="1.0" encoding="UTF-8"?>
<collection xmlns="http://www.loc.gov/MARC21/slim">
 <record>
  <leader>01311pam a22002778a 4500</leader>
  <controlfield tag="001">00030489</controlfield>
  <controlfield tag="005">20171026081025.0</controlfield>
  <controlfield tag="008">130402s2007                  ||||||engsd</controlfield>
  <datafield tag="020" ind1="#" ind2="#">
   <subfield code="a">9780194129060</subfield>
  </datafield>
  <datafield tag="041" ind1="0" ind2="#">
   <subfield code="a">eng</subfield>
  </datafield>
  <datafield tag="082" ind1="1" ind2="4">
   <subfield code="a">428</subfield>
   <subfield code="b">T434SC</subfield>
  </datafield>
  <datafield tag="100" ind1="1" ind2="#">
   <subfield code="a">Dignen, Sheila</subfield>
  </datafield>
  <datafield tag="245" ind1="1" ind2="0">
   <subfield code="a">Top score</subfield>
   <subfield code="b">Teacher's book 2</subfield>
   <subfield code="c">Sheila Dignen, Vivienne Swaine</subfield>
  </datafield>
  <datafield tag="260" ind1="#" ind2="#">
   <subfield code="a">Oxford</subfield>
   <subfield code="b">Oxford University Press</subfield>
   <subfield code="c">2007</subfield>
  </datafield>
  <datafield tag="300" ind1="#" ind2="#">
   <subfield code="c">27 cm.</subfield>
   <subfield code="a">152 p.</subfield>
   <subfield code="b">ill.</subfield>
  </datafield>
  <datafield tag="653" ind1="#" ind2="#">
   <subfield code="a">Sách giáo viên</subfield>
  </datafield>
  <datafield tag="653" ind1="#" ind2="#">
   <subfield code="a">Tiếng Anh</subfield>
  </datafield>
  <datafield tag="653" ind1="#" ind2="#">
   <subfield code="a">Top Score</subfield>
  </datafield>
  <datafield tag="852" ind1="#" ind2="#">
   <subfield code="b">Kho giáo trình</subfield>
   <subfield code="j">KGT.0037123, KGT.0037124, KGT.0037125, KGT.0037126, KGT.0037127, KGT.0037128, KGT.0037129, KGT.0037130, KGT.0037131, KGT.0037132, KGT.0037133, KGT.0037134, KGT.0037135, KGT.0037136, KGT.0037137, KGT.0037138, KGT.0037139, KGT.0037140, KGT.0037141, KGT.0037142</subfield>
  </datafield>
  <datafield tag="852" ind1="#" ind2="#">
   <subfield code="b">Kho mượn</subfield>
   <subfield code="j">KGT.0037123</subfield>
  </datafield>
  <datafield tag="852" ind1="#" ind2="#">
   <subfield code="b">Kho đọc</subfield>
   <subfield code="j">KD.0014488</subfield>
  </datafield>
  <datafield tag="852" ind1="#" ind2="#">
   <subfield code="j">KGT.0037134</subfield>
   <subfield code="j">KGT.0037135</subfield>
   <subfield code="j">KGT.0037139</subfield>
   <subfield code="j">KGT.0037138</subfield>
   <subfield code="j">KD.0014488</subfield>
   <subfield code="j">KGT.0037126</subfield>
   <subfield code="j">KGT.0037127</subfield>
   <subfield code="j">KGT.0037128</subfield>
   <subfield code="j">KGT.0037130</subfield>
   <subfield code="j">KGT.0037131</subfield>
   <subfield code="j">KGT.0037123</subfield>
   <subfield code="j">KGT.0037124</subfield>
   <subfield code="j">KGT.0037132</subfield>
   <subfield code="j">KGT.0037142</subfield>
   <subfield code="j">KGT.0037125</subfield>
   <subfield code="j">KGT.0037129</subfield>
   <subfield code="j">KGT.0037133</subfield>
   <subfield code="j">KGT.0037137</subfield>
   <subfield code="j">KGT.0037140</subfield>
   <subfield code="j">KGT.0037141</subfield>
  </datafield>
  <datafield tag="910" ind1=" " ind2=" ">
   <subfield code="d">02/04/2013</subfield>
  </datafield>
  <datafield tag="980" ind1="#" ind2="#">
   <subfield code="a">Trung tâm Học liệu Lê Vũ Hùng, Trường Đại học Đồng Tháp</subfield>
  </datafield>
 </record>
</collection>
